| 000 | 00781cam a22002295a 4500 | ||
|---|---|---|---|
| 001 | 18818108 | ||
| 005 | 20201128024033.0 | ||
| 008 | 151015t2015 gw a frb 000 0 eng d | ||
| 020 | _a9783319209937 | ||
| 040 |
_aDLC _beng _cDLC _dDLC _dEG-ScBUE |
||
| 082 | 0 | 4 |
_222 _a621.388 _bMIC |
| 100 | 1 | _aMichéle, Benjamin. | |
| 245 | 1 | 0 |
_aSmart TV security : _bmedia playback and digital video broadcast / _cBenjamin Michéle. |
| 260 |
_aCham : _bSpringer, _cc.2015. |
||
| 300 |
_axv, 92 p. : _bill. ; _c24 cm. |
||
| 490 | 0 | _aSpringerBriefs in computer science | |
| 504 | _aIncludes bibliographical references. | ||
| 650 | 7 |
_2BUEsh _aTelevision _xTechnological innovations _xSecurity measures. |
|
| 650 | 7 |
_92637 _aComputer security. _2BUEsh |
|
| 653 |
_bCOMSCI _cDecember2016 |
||
| 942 | _2ddc | ||
| 999 |
_c23431 _d23403 |
||